LEADER 01852nam 2200385 n 450 001 996384845803316 005 20210707225903.0 035 $a(CKB)4940000000070020 035 $a(EEBO)2240860187 035 $a(UnM)99843080e 035 $a(UnM)99843080 035 $a(EXLCZ)994940000000070020 100 $a19910619d1584 uy | 101 0 $aeng 135 $aurbn#|||a|bb| 200 02$aA commentarie of M. Iohn Caluine vppon the Epistle to the Philippians$b[electronic resource] $ewherein is set out the necessitie and profite of affliction vnto the faithfull, the benefite of God his word, the fruits, of vnitie and humilitie, free iustification by faith in Iesus Christ without our owne merites, the assurance, ioy, and contented mindes of the godlie, and their perseueraunce in godlinesse vnto the end. With many other comfortable and profitable pointes of religion. Translated out of Latine by W.B 210 $aImprinted at London $c[By John Windet] for Nicolas Lyng, and are to be sold at the west dore of S. Paules Church$dAnno. 1584 215 $a[4], 95, [1] p 300 $aW.B. = William Becket. 300 $aA translation of part of: Commentarii in quatuor Pauli epistolas. 300 $aPrinter's name from STC. 300 $aPage number 95 is inverted. 300 $aRunning title reads: A commentarie of I. Caluine, vpon the Philippians. 300 $aReproduction of the original in the Henry E. Huntington Library and Art Gallery. 330 $aeebo-0113 700 $aCalvin$b Jean$f1509-1564.$0154241 701 $aBecket$b William$factive 1584.$01013931 801 0$bCu-RivES 801 1$bCu-RivES 801 2$bCStRLIN 801 2$bWaOLN 906 $aBOOK 912 $a996384845803316 996 $aA commentarie of M. Iohn Caluine vppon the Epistle to the Philippians$92360264 997 $aUNISA